000 00464cam a2200145ua 4500
003 OSt
008 240223b |||||||| |||| 00| 0 eng d
041 _aeng
082 _a658.404
_bUNI/GU
245 _aGuide to Practical Project Appraisal: Social Benefit-Cost Analysis in Developing Countries
260 _aNew Delhi :
_bOxford & IBH Publishing company ,
_c1978.
300 _a121 ; .
500 _aUnited Nations Industrial Development Organization
942 _cBK
999 _c8559
_d8559